Statistics for Countries Closest to Australia - 15 Second Sprint

Click here to take the quiz!

General Stats

  • This quiz has been taken 49 times
  • The average score is 6 of 20

Answer Stats

kmcountrymiles% Correct
1303New Zealand810
84%
208Indonesia130
71%
4Papua New Guinea2
68%
2591Fiji1610
50%
461Timor-Leste286
42%
2250Malaysia1398
37%
1995Palau1240
32%
3228Tonga2006
32%
2863Nauru1779
26%
3199Tuvalu1988
24%
1744Vanuatu1084
24%
2402Brunei1493
21%
2798Singapore1738
18%
3086Kiribati1918
13%
1920Philippines1193
13%
1778Micronesia1105
11%
1391Solomon Islands864
8%
3391Thailand2107
8%
3266Marshall Islands2029
5%
3413Vietnam2121
0%

Score Distribution

Percentile by Number Answered

Percent of People with Each Score

Your Score History

You have not taken this quiz